000 00414nam a2200169Ia 4500
001 31219
003 IN-NITTTR
005 20251114233419.0
008 251113s9999||||xx |||||||||||||| ||eng||
040 _beng
040 _cIN-NITTTR
041 _aeng
082 _a621.367 R1
100 _aMorales, Robert Rodriguez
245 0 _aImage segmentation :
_b advances /
_cMorales, Robert Rodriguez
942 _2ddc
_cBK
999 _c33849
_d33849